000 00416nam a22001457a 4500
008 140128b xxu||||| |||| 00| 0 eng d
020 _a9780230068
050 _aPR9387.9.S6Z861994
100 _aOjaide, Tanure
_97153
245 _aThe Poetry of Wole Soyinka
_cTanure Ojaide
260 _aOxford
_bMalthouse Press LTD.
_c1994
300 _a140p. ;
_c23cm.
600 _aSoyinka, Wole
_97154
942 _2lcc
_cMONOGRAPH
999 _c119728
_d119728